000 00942nam a2200253Ia 4500
003 OSt
005 20220923225450.0
006 a|||||r|||| 00| 0
007 ta
008 220922b |||||||| |||| 00| 0 san d
024 _a268,506
037 _cTextual
040 _aARTS
_cARTS
_bsan
041 _2san
_asan
082 _aQ2:4x1,1, 15M2
100 _aपाण्डेय, ओंमप्रकाश, संपा.
_9157127
245 0 _aमनुस्मृति, व्याख् निर्मल मोहिनी पाण्डेय
246 _ahinusmṛuti, vyākh nirmal mohinī pāṇḍeya
260 _aवाराणसी
_b चौखम्भा ओरियन्टालिया
_c1982
300 _a118पृ0
_ccm.
650 _aधर्म
942 _hQ2:4x1,1, 15M2
_cTEXL
_2CC
999 _c378415
_d378415